MARC

LEADER 00000nam0a2200000 4500
001 375189
005 20231102012719.0
010 |b 3000 экз. 
035 |a (RuTPU)RU\TPU\retro\32628 
035 |a RU\TPU\book\308743 
090 |a 375189 
100 |a 20221220d1951 m y0rusy50 ca 
101 0 |a rus 
102 |a RU 
105 |a a z 001zy 
200 1 |a Сопротивляемость углей размолу  |f Н. В. Соколов 
210 |a Ленинград  |a Москва  |c Государственное энергетическое изд-во  |d 1951 
215 |a 37 с.  |c ил. 
316 |5 63413507: М-133362  |a На титульном листе и обложке владельческая подпись: "Бутаков" 
317 |5 63413507: М-133362  |a Поступила в НТБ в 1970 г. в составе книжного собрания профессора ТПИ И. Н. Бутакова 
320 |a Литература: с. 37 
606 1 |a Дробильно-размольное оборудование  |2 stltpush  |3 (RuTPU)RU\TPU\subj\39107  |9 59313 
610 1 |a уголь 
610 1 |a размол 
610 1 |a размолоспособность 
610 1 |a сопротивляемость 
610 1 |a методы определения 
610 1 |a владельческая надпись 
610 1 |a библиотека И. Н. Бутакова 
675 |a 621.926  |v 4 
700 1 |a Соколов  |b Н. В. 
801 1 |a RU  |b 63413507  |c 20150216 
801 2 |a RU  |b 63413507  |c 20221220  |g RCR 
942 |c BK